Normal view
MARC view
- Davidson, Eugene
Entry Personal Name
001 - CONTROL NUMBER
- control field: 108228
003 - CONTROL NUMBER IDENTIFIER
- control field: NUST
005 - DATE AND TIME OF LATEST TRANSACTION
- control field: 20230131131010.0
008 - FIXED-LENGTH DATA ELEMENTS
- fixed length control field: 230131|| aca||aabn | a|a d
040 ## - CATALOGING SOURCE
- Original cataloging agency: NUST
- Transcribing agency: NUST
100 ## - HEADING--PERSONAL NAME
- Personal name: Davidson, Eugene
670 ## - SOURCE DATA FOUND
- Source citation: Work cat.: (NUST)186076: Davidson, Eugene, The death and life of Germany;, 1959
